000 nam a22 7a 4500
999 _c7344
_d7344
008 170816b xxu||||| |||| 00| 0 eng d
020 _a978812032779
100 _aAndleigh k Prabhat
_93882
245 _aMultimedia systems and design
260 _aNew Delhi
_bPhi learning Pvt Ltd
_c2009